000
00330nam a22001457a 4500
020
_a
9780564033478
041
_a
ENG
082
_a
220.52043
_b
BIB
100
_a
British and Foreign Bible Society.
245
_a
The Holy Bible : N R S V
260
_a
U S A
_b
Zondervan,
_c
1989
300
_a
1009
650
_a
Bible
942
_c
BK
999
_c
22659
_d
22659